| 000 | 01456cam a2200325 a 4500 | ||
|---|---|---|---|
| 001 | 1135305 | ||
| 003 | OSt | ||
| 005 | 20230704132530.0 | ||
| 008 | 940630s1994 nyu b i000 0 eng d | ||
| 010 | _a 94198305 | ||
| 020 | _a9211334691 | ||
| 035 | _a(OCoLC)30692358 | ||
| 040 |
_aMoSU-L _cMoSU-L _dDLC |
||
| 042 | _alccopycat | ||
| 082 | 0 | 0 |
_a341.7 _bUN |
| 245 | 0 | 4 |
_aThe Law of the sea : _bmarine scientific research : legislative history of Article 246 of the United Nations Convention on the Law of the Sea. |
| 260 |
_aNew York : _bUnited Nations, _c1994. |
||
| 300 |
_avii, 180 p. ; _c28 cm. |
||
| 500 | _aAt head of title: Division for Ocean Affairs and the Law of the Sea, Office of Legal Affairs. | ||
| 500 | _a"United Nations publication sales no. E.94.V.9"--T.p. verso. | ||
| 504 | _aIncludes bibliographical references (p. 168-180). | ||
| 630 | 0 | 0 |
_aUnited Nations Convention on the Law of the Sea _d(1982 December 10). _nArticle 246, _pMarine Scientific Research in the Exclusive Economic Zone and on the Continental Shelf. |
| 650 | 0 |
_aMarine sciences _xResearch _xLaw and legislation. |
|
| 650 | 0 |
_aOceanography _xResearch _xLaw and legislation. |
|
| 650 | 0 | _aEconomic zones (Law of the sea) | |
| 710 | 2 |
_aUnited Nations. _bDivision for Ocean Affairs and the Law of the Sea. |
|
| 906 |
_a7 _bcbc _ccopycat _d2 _encip _f19 _gy-gencatlg |
||
| 942 |
_2ddc _cBK |
||
| 999 |
_c3815 _d3815 |
||